|
|
|
|
| LEADER |
00993pam a22002778a 4500 |
| 001 |
00039002 |
| 005 |
20171106091144.0 |
| 008 |
170517s2015 ||||||Viesd |
| 041 |
0 |
# |
|a Vie
|
| 082 |
1 |
4 |
|a 909
|b L302S
|
| 245 |
0 |
0 |
|a Lịch sử văn minh thế giới
|c Vũ Dương Ninh (chủ biên); Nguyễn Gia Phu, Nguyễn Quốc Hùng, Đinh Ngọc Bảo
|
| 250 |
# |
# |
|a Tái bản lần thứ mười bảy
|
| 260 |
# |
# |
|a H.
|b Giáo dục
|c 2015
|
| 300 |
# |
# |
|a 383 tr.
|c 21 cm.
|
| 653 |
# |
# |
|a Lịch sử thế giới
|
| 653 |
# |
# |
|a Con người
|
| 653 |
# |
# |
|a Văn minh
|
| 653 |
# |
# |
|a Xã hội
|
| 700 |
1 |
# |
|a Nguyễn, Gia Phu
|
| 700 |
1 |
# |
|a Nguyễn, Quốc Hùng
|
| 700 |
1 |
# |
|a Vũ, Dương Ninh
|e Chủ biên
|
| 700 |
1 |
# |
|a Đinh, Ngọc Bảo
|
| 852 |
# |
# |
|b Kho đọc
|j KD.1002323, KD.0022412
|
| 852 |
# |
# |
|j KD.0022412
|j KM.0023534
|
| 910 |
|
|
|d 17/05/2017
|
| 980 |
# |
# |
|a Trung tâm Học liệu Lê Vũ Hùng, Trường Đại học Đồng Tháp
|